000
00330nam a2200133Ia 4500
008
240624s9999 xx 000 0 und d
041
_a
eng
082
_a
920 PRE
100
_a
PREMCHAND
245
_a
RANGBHUMI THE ARENA OF LIFE
260
_c
2011
_a
New Delhi
_b
Oxford
300
_a
xviii, : 650 : p. : cm. ; 22
365
_c
RS
_b
32
999
_c
18877
_d
18877